<?xml version="1.0" encoding="UTF-8"?>
<record
    xmlns:xsi="http://www.w3.org/2001/XMLSchema-instance"
    xsi:schemaLocation="http://www.loc.gov/MARC21/slim http://www.loc.gov/standards/marcxml/schema/MARC21slim.xsd"
    xmlns="http://www.loc.gov/MARC21/slim">

  <leader>00651nam a22002057a 4500</leader>
  <controlfield tag="005">20130521123042.0</controlfield>
  <datafield tag="010" ind1=" " ind2=" ">
    <subfield code="a">B-504989-505003</subfield>
  </datafield>
  <datafield tag="020" ind1=" " ind2=" ">
    <subfield code="a">9789325963917</subfield>
    <subfield code="c">345.00</subfield>
  </datafield>
  <datafield tag="035" ind1=" " ind2=" ">
    <subfield code="a">B-504989-505003</subfield>
  </datafield>
  <datafield tag="037" ind1=" " ind2=" ">
    <subfield code="b">UBH/Ven</subfield>
  </datafield>
  <datafield tag="082" ind1=" " ind2=" ">
    <subfield code="a">657.42</subfield>
  </datafield>
  <datafield tag="100" ind1=" " ind2=" ">
    <subfield code="a">Arora, M.N.</subfield>
  </datafield>
  <datafield tag="245" ind1=" " ind2=" ">
    <subfield code="a">Cost Acounting /</subfield>
    <subfield code="c">by M.N.Arora</subfield>
  </datafield>
  <datafield tag="260" ind1=" " ind2=" ">
    <subfield code="a">Noida</subfield>
    <subfield code="b">Vikas Publishing House</subfield>
    <subfield code="c">c2013</subfield>
  </datafield>
  <datafield tag="270" ind1=" " ind2=" ">
    <subfield code="a">E-28 Sector- 8</subfield>
    <subfield code="b">Noida</subfield>
    <subfield code="e">201301</subfield>
  </datafield>
  <datafield tag="300" ind1=" " ind2=" ">
    <subfield code="a">various pages</subfield>
    <subfield code="b">ill.</subfield>
    <subfield code="c">24cm(pbk).</subfield>
  </datafield>
  <datafield tag="500" ind1=" " ind2=" ">
    <subfield code="a">It include index</subfield>
  </datafield>
  <datafield tag="942" ind1=" " ind2=" ">
    <subfield code="2">ddc</subfield>
    <subfield code="c">EN</subfield>
    <subfield code="m">ARO</subfield>
    <subfield code="h">657.42</subfield>
  </datafield>
  <datafield tag="999" ind1=" " ind2=" ">
    <subfield code="c">74401</subfield>
    <subfield code="d">74401</subfield>
  </datafield>
  <datafield tag="952" ind1=" " ind2=" ">
    <subfield code="0">0</subfield>
    <subfield code="1">0</subfield>
    <subfield code="4">0</subfield>
    <subfield code="7">0</subfield>
    <subfield code="8">NFIC</subfield>
    <subfield code="a">L</subfield>
    <subfield code="b">L</subfield>
    <subfield code="d">2013-05-21</subfield>
    <subfield code="e">UBH/291/19.03.2013/180/08.03.2013/20.03.2013</subfield>
    <subfield code="g">345.00</subfield>
    <subfield code="l">26</subfield>
    <subfield code="m">28</subfield>
    <subfield code="o">657.42 ARO</subfield>
    <subfield code="p">B-504989</subfield>
    <subfield code="r">2023-05-15 00:00:00</subfield>
    <subfield code="s">2023-04-05</subfield>
    <subfield code="t">2</subfield>
    <subfield code="v">345.00</subfield>
    <subfield code="y">EN</subfield>
  </datafield>
  <datafield tag="952" ind1=" " ind2=" ">
    <subfield code="0">0</subfield>
    <subfield code="1">5</subfield>
    <subfield code="4">0</subfield>
    <subfield code="7">0</subfield>
    <subfield code="8">NFIC</subfield>
    <subfield code="a">L</subfield>
    <subfield code="b">L</subfield>
    <subfield code="d">2013-05-21</subfield>
    <subfield code="e">UBH/291/19.03.2013/180/08.03.2013/20.03.2013</subfield>
    <subfield code="g">345.00</subfield>
    <subfield code="l">0</subfield>
    <subfield code="o">657.42 ARO</subfield>
    <subfield code="p">B-504990</subfield>
    <subfield code="r">2013-05-21 00:00:00</subfield>
    <subfield code="t">2</subfield>
    <subfield code="v">345.00</subfield>
    <subfield code="y">EN</subfield>
  </datafield>
  <datafield tag="952" ind1=" " ind2=" ">
    <subfield code="0">0</subfield>
    <subfield code="1">0</subfield>
    <subfield code="4">0</subfield>
    <subfield code="7">0</subfield>
    <subfield code="8">NFIC</subfield>
    <subfield code="a">M</subfield>
    <subfield code="b">M</subfield>
    <subfield code="d">2013-05-21</subfield>
    <subfield code="e">UBH/291/19.03.2013/180/08.03.2013/20.03.2013</subfield>
    <subfield code="g">345.00</subfield>
    <subfield code="l">0</subfield>
    <subfield code="o">657.42 ARO</subfield>
    <subfield code="p">B-504991</subfield>
    <subfield code="r">2013-05-21 00:00:00</subfield>
    <subfield code="t">2</subfield>
    <subfield code="v">345.00</subfield>
    <subfield code="y">EN</subfield>
  </datafield>
  <datafield tag="952" ind1=" " ind2=" ">
    <subfield code="0">0</subfield>
    <subfield code="1">0</subfield>
    <subfield code="4">0</subfield>
    <subfield code="7">0</subfield>
    <subfield code="8">NFIC</subfield>
    <subfield code="a">M</subfield>
    <subfield code="b">M</subfield>
    <subfield code="d">2013-05-21</subfield>
    <subfield code="e">UBH/291/19.03.2013/180/08.03.2013/20.03.2013</subfield>
    <subfield code="g">345.00</subfield>
    <subfield code="l">0</subfield>
    <subfield code="o">657.42 ARO</subfield>
    <subfield code="p">B-504992</subfield>
    <subfield code="r">2013-05-21 00:00:00</subfield>
    <subfield code="t">2</subfield>
    <subfield code="v">345.00</subfield>
    <subfield code="y">EN</subfield>
  </datafield>
  <datafield tag="952" ind1=" " ind2=" ">
    <subfield code="0">0</subfield>
    <subfield code="1">0</subfield>
    <subfield code="4">0</subfield>
    <subfield code="7">0</subfield>
    <subfield code="8">NFIC</subfield>
    <subfield code="a">BL1</subfield>
    <subfield code="b">BL1</subfield>
    <subfield code="d">2013-05-21</subfield>
    <subfield code="e">UBH/291/19.03.2013/180/08.03.2013/20.03.2013</subfield>
    <subfield code="g">345.00</subfield>
    <subfield code="l">0</subfield>
    <subfield code="o">657.42 ARO</subfield>
    <subfield code="p">B-504993</subfield>
    <subfield code="r">2013-05-21 00:00:00</subfield>
    <subfield code="t">1</subfield>
    <subfield code="v">345.00</subfield>
    <subfield code="y">EN</subfield>
  </datafield>
  <datafield tag="952" ind1=" " ind2=" ">
    <subfield code="0">0</subfield>
    <subfield code="1">0</subfield>
    <subfield code="4">0</subfield>
    <subfield code="7">0</subfield>
    <subfield code="8">NFIC</subfield>
    <subfield code="a">JP</subfield>
    <subfield code="b">JP</subfield>
    <subfield code="d">2013-05-21</subfield>
    <subfield code="e">UBH/291/19.03.2013/180/08.03.2013/20.03.2013</subfield>
    <subfield code="g">345.00</subfield>
    <subfield code="l">40</subfield>
    <subfield code="m">9</subfield>
    <subfield code="o">657.42 ARO</subfield>
    <subfield code="p">B-504994</subfield>
    <subfield code="r">2018-09-22 00:00:00</subfield>
    <subfield code="s">2018-09-08</subfield>
    <subfield code="t">1</subfield>
    <subfield code="v">345.00</subfield>
    <subfield code="y">EN</subfield>
  </datafield>
  <datafield tag="952" ind1=" " ind2=" ">
    <subfield code="0">0</subfield>
    <subfield code="1">0</subfield>
    <subfield code="4">0</subfield>
    <subfield code="7">0</subfield>
    <subfield code="8">NFIC</subfield>
    <subfield code="a">ZLS</subfield>
    <subfield code="b">ZLS</subfield>
    <subfield code="d">2013-05-21</subfield>
    <subfield code="e">UBH/291/19.03.2013/180/08.03.2013/20.03.2013</subfield>
    <subfield code="g">345.00</subfield>
    <subfield code="l">2</subfield>
    <subfield code="m">1</subfield>
    <subfield code="o">657.42 ARO</subfield>
    <subfield code="p">B-504995</subfield>
    <subfield code="r">2021-07-29 00:00:00</subfield>
    <subfield code="s">2021-06-28</subfield>
    <subfield code="t">1</subfield>
    <subfield code="v">345.00</subfield>
    <subfield code="y">EN</subfield>
  </datafield>
  <datafield tag="952" ind1=" " ind2=" ">
    <subfield code="0">0</subfield>
    <subfield code="1">0</subfield>
    <subfield code="4">0</subfield>
    <subfield code="7">0</subfield>
    <subfield code="8">NFIC</subfield>
    <subfield code="a">ZLS</subfield>
    <subfield code="b">ZLS</subfield>
    <subfield code="d">2013-05-21</subfield>
    <subfield code="e">UBH/291/19.03.2013/180/08.03.2013/20.03.2013</subfield>
    <subfield code="g">345.00</subfield>
    <subfield code="l">28</subfield>
    <subfield code="m">24</subfield>
    <subfield code="o">657.42 ARO</subfield>
    <subfield code="p">B-504996</subfield>
    <subfield code="r">2023-01-18 00:00:00</subfield>
    <subfield code="s">2022-12-12</subfield>
    <subfield code="t">1</subfield>
    <subfield code="v">345.00</subfield>
    <subfield code="y">EN</subfield>
    <subfield code="z">Withdran List Prepared L.No.21/19</subfield>
  </datafield>
  <datafield tag="952" ind1=" " ind2=" ">
    <subfield code="0">0</subfield>
    <subfield code="1">0</subfield>
    <subfield code="4">0</subfield>
    <subfield code="7">0</subfield>
    <subfield code="8">NFIC</subfield>
    <subfield code="a">BN</subfield>
    <subfield code="b">BN</subfield>
    <subfield code="d">2013-05-21</subfield>
    <subfield code="e">UBH/291/19.03.2013/180/08.03.2013/20.03.2013</subfield>
    <subfield code="g">345.00</subfield>
    <subfield code="l">2</subfield>
    <subfield code="o">657.42 ARO</subfield>
    <subfield code="p">B-504997</subfield>
    <subfield code="r">2023-04-01 00:00:00</subfield>
    <subfield code="s">2023-03-17</subfield>
    <subfield code="t">1</subfield>
    <subfield code="v">345.00</subfield>
    <subfield code="y">EN</subfield>
  </datafield>
  <datafield tag="952" ind1=" " ind2=" ">
    <subfield code="0">0</subfield>
    <subfield code="1">0</subfield>
    <subfield code="4">0</subfield>
    <subfield code="7">0</subfield>
    <subfield code="8">NFIC</subfield>
    <subfield code="a">NR</subfield>
    <subfield code="b">NR</subfield>
    <subfield code="d">2013-05-21</subfield>
    <subfield code="e">UBH/291/19.03.2013/180/08.03.2013/20.03.2013</subfield>
    <subfield code="g">345.00</subfield>
    <subfield code="l">0</subfield>
    <subfield code="o">657.42 ARO</subfield>
    <subfield code="p">B-504998</subfield>
    <subfield code="r">2013-05-21 00:00:00</subfield>
    <subfield code="t">1</subfield>
    <subfield code="v">345.00</subfield>
    <subfield code="y">EN</subfield>
  </datafield>
  <datafield tag="952" ind1=" " ind2=" ">
    <subfield code="0">0</subfield>
    <subfield code="1">0</subfield>
    <subfield code="4">0</subfield>
    <subfield code="7">0</subfield>
    <subfield code="8">NFIC</subfield>
    <subfield code="a">BL4</subfield>
    <subfield code="b">BL4</subfield>
    <subfield code="d">2013-05-21</subfield>
    <subfield code="e">UBH/291/19.03.2013/180/08.03.2013/20.03.2013</subfield>
    <subfield code="g">345.00</subfield>
    <subfield code="l">11</subfield>
    <subfield code="m">3</subfield>
    <subfield code="o">657.42 ARO</subfield>
    <subfield code="p">B-504999</subfield>
    <subfield code="r">2024-08-07 00:00:00</subfield>
    <subfield code="s">2024-07-24</subfield>
    <subfield code="t">1</subfield>
    <subfield code="v">345.00</subfield>
    <subfield code="y">EN</subfield>
  </datafield>
  <datafield tag="952" ind1=" " ind2=" ">
    <subfield code="0">0</subfield>
    <subfield code="1">0</subfield>
    <subfield code="4">0</subfield>
    <subfield code="7">0</subfield>
    <subfield code="8">NFIC</subfield>
    <subfield code="a">YV</subfield>
    <subfield code="b">YV</subfield>
    <subfield code="d">2013-05-21</subfield>
    <subfield code="e">UBH/291/19.03.2013/180/08.03.2013/20.03.2013</subfield>
    <subfield code="g">345.00</subfield>
    <subfield code="l">1</subfield>
    <subfield code="m">1</subfield>
    <subfield code="o">657.42 ARO</subfield>
    <subfield code="p">B-505000</subfield>
    <subfield code="r">2023-09-15 00:00:00</subfield>
    <subfield code="s">2023-08-16</subfield>
    <subfield code="t">1</subfield>
    <subfield code="v">345.00</subfield>
    <subfield code="y">EN</subfield>
  </datafield>
  <datafield tag="952" ind1=" " ind2=" ">
    <subfield code="0">4</subfield>
    <subfield code="1">0</subfield>
    <subfield code="4">0</subfield>
    <subfield code="7">0</subfield>
    <subfield code="8">NFIC</subfield>
    <subfield code="a">RC4</subfield>
    <subfield code="b">RC4</subfield>
    <subfield code="d">2013-05-21</subfield>
    <subfield code="e">UBH/291/19.03.2013/180/08.03.2013/20.03.2013</subfield>
    <subfield code="g">345.00</subfield>
    <subfield code="l">0</subfield>
    <subfield code="o">657.42 ARO</subfield>
    <subfield code="p">B-505001</subfield>
    <subfield code="r">2013-05-21 00:00:00</subfield>
    <subfield code="t">3</subfield>
    <subfield code="v">345.00</subfield>
    <subfield code="y">EN</subfield>
    <subfield code="z">Written off vide C-30021/05/2022/Estt./110
dt.07.11.22   
</subfield>
  </datafield>
  <datafield tag="952" ind1=" " ind2=" ">
    <subfield code="0">0</subfield>
    <subfield code="1">0</subfield>
    <subfield code="4">0</subfield>
    <subfield code="7">0</subfield>
    <subfield code="8">NFIC</subfield>
    <subfield code="a">RC4</subfield>
    <subfield code="b">RC4</subfield>
    <subfield code="d">2013-05-21</subfield>
    <subfield code="e">UBH/291/19.03.2013/180/08.03.2013/20.03.2013</subfield>
    <subfield code="g">345.00</subfield>
    <subfield code="l">0</subfield>
    <subfield code="o">657.42 ARO</subfield>
    <subfield code="p">B-505002</subfield>
    <subfield code="r">2013-05-21 00:00:00</subfield>
    <subfield code="t">3</subfield>
    <subfield code="v">345.00</subfield>
    <subfield code="y">EN</subfield>
  </datafield>
  <datafield tag="952" ind1=" " ind2=" ">
    <subfield code="0">0</subfield>
    <subfield code="1">5</subfield>
    <subfield code="4">0</subfield>
    <subfield code="7">0</subfield>
    <subfield code="8">NFIC</subfield>
    <subfield code="a">BL4</subfield>
    <subfield code="b">BL4</subfield>
    <subfield code="d">2013-05-21</subfield>
    <subfield code="e">UBH/291/19.03.2013/180/08.03.2013/20.03.2013</subfield>
    <subfield code="g">345.00</subfield>
    <subfield code="l">0</subfield>
    <subfield code="o">657.42 ARO</subfield>
    <subfield code="p">B-505003</subfield>
    <subfield code="r">2013-05-21 00:00:00</subfield>
    <subfield code="t">3</subfield>
    <subfield code="v">345.00</subfield>
    <subfield code="y">EN</subfield>
  </datafield>
</record>
